000 01253cam a2200385 i 4500
001 8139
003 KOSZ 005
005 20200404141132.0
008 070926s1966 pl a f f 001 0 pol
015 _aPB 1966/4441
040 _aWA N
_cWA N
_dKOSZ 005/HR
046 _k1966
080 _a621.9
080 _a(083.1)
100 1 _aGórski, Eugeniusz
_d(1924-2017)
_eAutor
245 1 0 _aPoradnik narzędziowca /
_cEugeniusz Górski.
250 _aWyd. 1, seria 2.
260 _aWarszawa :
_bWydawnictwa Naukowo-Techniczne,
_c1966.
300 _a815 s. :
_bil. ;
_c18 cm.
336 _2rdacontent
_aTekst
_btxt
337 _2rdamedia
_aBez urządzenia pośredniczącego
_bn
338 _2rdacarrier
_aWolumin
_bnc
380 _aKsiążki
380 _aPublikacje fachowe
388 _a1901-2000
500 _aDruk z klisz.
504 _aBibliogr. s. [807]. Indeks.
521 8 _aDla robotników wykwalifikowanych, mistrzów i techników.
650 4 _aSkrawanie
650 4 _aNarzędzia
658 _aInżynieria i technika
710 2 _aWydawnictwa Naukowo-Techniczne
_4pbl.
856 _uhttp://koha.tu.koszalin.pl/cgi-bin/koha/opac-detail.pl?biblionumber=8139
_yKatalog online BPK
942 _2UKD
_cKS
999 _c8139
_d8139